Statistiques concernant Les 20 personnalités préférées des Français en 2023

Cliquez ici pour prendre le quiz!

Statistiques générales

  • Ce quiz a été pris 235 fois
  • Le résultat moyen est 4 sur 20

Statistiques - réponses

Personnalités% Correct
Jean-Jacques Goldman
83%
Omar Sy
54%
Zinédine Zidane
26%
Thomas Pesquet
23%
Florent Pagny
22%
Vianney
22%
Jean Dujardin
20%
Soprano
19%
Sophie Marceau
16%
Philippe Etchebest
14%
Dany Boon
12%
Michel Sardou
11%
Teddy Riner
11%
Francis Cabrel
9%
Cyril Lignac
8%
Renaud
6%
Jean Reno
5%
Karine Le Marchand
5%
Alexandra Lamy
3%
Grand Corps Malade
2%

Distribution des résultats

Percentile par nombre de réponses

% des personnes avec chaque résultat

Votre développement - résultats

Vous n’avez pas pris ce quiz